| 000 | 00804nam a22002175i 4500 | ||
|---|---|---|---|
| 001 | 161547 | ||
| 003 | ES-MaACL | ||
| 005 | 20250721062640.0 | ||
| 008 | 991110s1899 fr |||| | fre d | ||
| 040 |
_aM-RAJU _bspa _cM-RAJU _dCCPB | B |
||
| 100 | 1 |
_aPatten, Simon N. _9130901 |
|
| 245 | 1 | 4 |
_aLes fondements économiques de la protection / _cpar Simon N. Patten ; traduit sur la 2e édition par F. Lepelletier ; avec une préface de Paul Cauwès. |
| 260 |
_aParis : _bV. Giard & E. Brière, libraires-éditeurs, _c1899. |
||
| 300 |
_aXIII, 215 p. ; _c18 cm. |
||
| 650 | 7 |
_aEconomía _2embne _912006 |
|
| 700 | 1 | 1 |
_aLepelletier, F., _etrad. _971721 |
| 700 | 1 | 1 |
_aCauwés, Paul, _epr. _937129 |
| 752 |
_aFrancia - _dParís |
||
| 852 |
_aES-MaACL _jF-12569 _z-- Enc. tela |
||
| 999 |
_c161547 _d161547 |
||